000 01045cam a2200301 i 4500
001 18918
003 CO-MdFUSB
005 20220813124118.0
008 220813t1996 sp |||| |||| 00| 0 spa d
020 _a84-249-1805-3
040 _bspa.
_aCO-MdFUSB
_cCO-MdFUSB
_dCO-MdFUSBC
_erda
041 _aspa
082 0 4 _aR S475di
100 1 _aSéneca
245 1 0 _aDiálogos : consolaciones a Marcia , a su madre Helvia y a Polibio = Apocolocintosis /
_c/ Séneca ; introducción, traducción y notas por Juan Mariné Isidro
260 _aGredos
264 1 _aMadrid :
_bGredos,
_c[1996]
264 4 _c© 1996
300 _a232 páginas
_c;
336 _2rdacontent
_atexto
_btxt
337 _2rdamedia
_asin mediación
_bn
338 _2rdacarrier
_avolumen
_bnc
501 _apasta dura
505 _aDiálogos : Consolación a Marcia -- Consolación a su madre Helvia -- Consolación a Polibo. Apocolocintosis : La sátira -- La "Apocolocintosis".
650 1 4 _adiálogos, latín \ OBRA CLASICA
942 _cBK
945 _aEstudiante
999 _c45318
_d45318